Misc Geography #3 TRUE or FALSE - Statistics

General Stats
  • This quiz has been taken 263 times
  • The average score is 7 of 10
Answer Stats
Question Answer % Correct
INDIA was once attached with MADAGASCAR, ANTARCTICA & AUSTRALIA TRUE
89%
SUDAN was once largest country in AFRICA TRUE
89%
Early name for BEIJING is POKJING FALSE
85%
All overlapping CLAIM on ANTARCTICA includes UK TRUE
85%
ARE THE FOLLOWING PAIRS OF BORDERING NATIONS CORRECT

INDIA__CHINA

FRANCE__BRAZIL

PAPUA NEW GUINEA__INDONESIA

NORWAY__FINLAND

TRUE
70%
NIGERIA will beat CHINA in population before 2100 (PROBABLY) FALSE
67%
BIGGEST CLAIM on ANTARCTICA is by USA FALSE
63%
N. America is greater than S. America in both AREA and POPULATION TRUE
63%
ANTARCTICA is bigger than EUROPE TRUE
56%
Largest island by population is HONSHU (JAPAN) FALSE
37%
No matching quizzes found
Score Distribution
Percent of People with Each Score
Percentile by Number Answered
Your Score History
You have not taken this quiz